Diseño de un modelo para la planificación, desarrollo y comercialización de nuevos servicios en RACSA

Bewaard in:
Bibliografische gegevens
Hoofdauteur: Prado, Georgina
Andere auteurs: Cruz, Jorge
Formaat: Boek
Gepubliceerd in: San José, C.R. 1997
Onderwerpen:
Tags: Voeg label toe
Geen labels, Wees de eerste die dit record labelt!

MARC

LEADER 00000nam a2200000Ia 4500
003 008079
005 20221231144234.0
008 140114s1997 cr a m 000 ||s d
040 |c cru CEDI 
090 |a TFG 3610 
100 |a Prado, Georgina   |9 9622 
245 |a Diseño de un modelo para la planificación, desarrollo y comercialización de nuevos servicios en RACSA 
260 |c 1997  |a  San José, C.R. 
300 |a  x, [305] hojas : ilustraciones (algunas a color)  
500 |a  Proyecto de graduación (licenciatura en ingeniería industrial)--Universidad de Costa Rica. Facultad de Ingeniería. Escuela de Ingeniería Industrial 
650 |x RADIOGRAFICA COSTARRICENSE S.A.   |x PLANIFICACION ESTRATEGICA   |x PLANIFICACION EMPRESARIAL  |9 9624 
700 |9 9623  |a Cruz, Jorge 
942 |c TFG 
999 |c 18892  |d 18892